Mathematical Topics in Telecommunications : (Record no. 188549)

000 -LEADER
fixed length control field 00666 a2200205 4500
003 - CONTROL NUMBER IDENTIFIER
control field Nust
005 - DATE AND TIME OF LATEST TRANSACTION
control field 20221208113933.0
020 ## - INTERNATIONAL STANDARD BOOK NUMBER
International Standard Book Number 0471807656
040 ## - CATALOGING SOURCE
Transcribing agency Nust
082 ## - DEWEY DECIMAL CLASSIFICATION NUMBER
Classification number 621.382,MAT
245 ## - TITLE STATEMENT
Title Mathematical Topics in Telecommunications :
Remainder of title Vol.1 Optimisation Methods in Electronics and Communications /
Statement of responsibility, etc. Edited By K W Cattermole
250 ## - EDITION STATEMENT
Edition statement Volume. 1
260 ## - PUBLICATION, DISTRIBUTION, ETC.
Place of publication, distribution, etc. New York
Name of publisher, distributor, etc. Wiley
Date of publication, distribution, etc. 1984.
300 ## - PHYSICAL DESCRIPTION
Extent 156:p
490 ## - SERIES STATEMENT
Volume/sequential designation 1 :
505 ## - FORMATTED CONTENTS NOTE
Formatted contents note Calculus of Variations (Page-1), Computational Methods for Nonlinear Optimization (Page-82),
538 ## - SYSTEM DETAILS NOTE
System details note Almirah No.36 Shelf No.6
650 ## - SUBJECT ADDED ENTRY--TOPICAL TERM
Topical term or geographic name entry element Telecommunications engineering.
9 (RLIN) 58485
942 ## - ADDED ENTRY ELEMENTS (KOHA)
Source of classification or shelving scheme
Koha item type Book
Holdings
Withdrawn status Lost status Source of classification or shelving scheme Damaged status Not for loan Permanent Location Current Location Shelving location Date acquired Full call number Barcode Date last seen Price effective from Koha item type Public note
          Military College of Signals (MCS) Military College of Signals (MCS) General Stacks 12/12/2016 621.382,MAT MCS27864 12/08/2016 12/12/2016 Book Almirah No.35,Shelf No.4
© 2023 Central Library, National University of Sciences and Technology. All Rights Reserved.